| 000 | 01019nam a22003131i 4500 | ||
|---|---|---|---|
| 001 | 60074 | ||
| 003 | CO-BoRNBP | ||
| 005 | 20251209135731.0 | ||
| 007 | ta | ||
| 008 | 920725s1978 sp spa | ||
| 017 |
_aM 34374-1978 _bOficina Depósito Legal Madrid |
||
| 020 | _a8420713767 | ||
| 040 |
_aSpMaBN _bspa _cA2 |
||
| 080 | _a930.9"18/19"(075.8) | ||
| 245 | 0 | 0 |
_aHistoria del mundo contemporáneo _h[Texto impreso] _c[por] Jesús María Palomares... [et al.] |
| 250 | _a1a. edición | ||
| 300 |
_a711 p. _bil. _c24 cm |
||
| 336 |
_2rdacontent _atexto _btxt |
||
| 337 |
_2rdamedia _asin mediación _bn |
||
| 338 |
_2rdacarrier _avolumen _bnc |
||
| 490 | 0 | _aManuales de orientación universitaria Anaya | |
| 504 | _aBibliografía: p. 708-711 | ||
| 650 | 7 |
_aHistoria contemporánea _2embne _942392 |
|
| 700 | 1 |
_aPalomares Ibáñez, Jesús María _d1931- _967681 |
|
| 942 |
_2ddc _cBK |
||
| 956 | _a2 | ||
| 980 |
_aSpMaBN _bBNALCALA _jDL/103809 _cCONSERVACI |
||
| 980 |
_aSpMaBN _bBNALCALA _jJ1/12778 _cSG_PETANTI |
||
| 999 |
_c60074 _d60074 |
||